000 00994nam a2200301 a 4500
001 58590
003 BD-RjUL
005 20211209080634.0
008 161219s1988 enk b 000 0 eng d
020 _a0939521296
020 _a0939521369
035 _a(BD-RjUL)58714
035 _a534034
040 _aANL
_beng
_cANL
_dBD-RjUL
041 _aeng
082 0 4 _a323.4
_223
_bHUM 1988
245 1 0 _aHuman rights and anthropology /
_cTheodore E. Downing and Gilbert Kushner, editors, with Jennifer Schirmer, Alison Dundes Renteln and Laurie Wiseberg.
260 _aCambridge, Mass. :
_bCultural Survival Inc.,
_cc1988.
300 _a200 p. ;
_c23 cm.
504 _aIncludes bibliographies.
650 0 _aLaw and anthropology.
_9174096
650 0 _aAnthropological ethics
_9174097
700 1 _aKushner, Gilbert.
_9174098
700 1 _aDowning, Theodore E.,.
_9174099
710 2 _aCultural Survival Inc.
_9174100
942 _2ddc
_cBK
999 _c58590
_d58590